Kenyérért úszó hattyú Lovasi András dalszövegeiről

Bibliographic Details
Main Author: Halmai, Tamás, 1975- (Author)
Format: Article
Language:Hungarian
PhysicalDescription:Fotogr.
ISSN:1335-6321
Subjects:

MARC

LEADER 00000nab a2200000 ar4500
001 vtls008943790
003 SK-MaSNL
005 20260319071336.0
008 070207c2006 xo |||||||| |000 b|hun
015 |a SNBRB2007/02  |2 snkbucl 
038 |a SNKBUCL 
040 |a DSZK  |b slo  |c DSZK  |e AACR2 
041 0 |a hun 
044 |a xo  |c SK 
080 |a 78.071.2:784.66  |2 1997 
080 |a 929 Lovasi, András  |2 1997 
080 |a 784.66  |2 1997 
100 1 |a Halmai, Tamás,  |d 1975-  |4 aut  |9 412852 
245 1 0 |a Kenyérért úszó hattyú  |b Lovasi András dalszövegeiről  |c Halmai Tamás 
300 |b Fotogr. 
600 1 7 |a Lovasi, András,  |d 1967-  |2 snkbucl  |9 852116 
650 0 7 |a básnické texty  |2 snkbucl  |9 512029 
773 0 |t Szőrös kő  |g Évf. 11, sz. 6 (2006), o. 66-69  |x 1335-6321 
852 |a SNK  |b KIS3GCP 
852 |a DSZK  |b KIS3GCP 
958 |a HU 
958 |a BC 
999 |c 1757542  |d 1759472